CBSE QUESTION PAPER (PHYSICAL EDUCATION)-12 (Record no. 12657)

MARC details
000 -LEADER
fixed length control field 00267nam a22000977a 4500
008 - FIXED-LENGTH DATA ELEMENTS--GENERAL INFORMATION
fixed length control field 240909b |||||||| |||| 00| 0 eng d
020 ## - INTERNATIONAL STANDARD BOOK NUMBER
International Standard Book Number 9789360231620
100 ## - MAIN ENTRY--PERSONAL NAME
Personal name Oswaal
9 (RLIN) 7599
245 ## - TITLE STATEMENT
Title CBSE QUESTION PAPER (PHYSICAL EDUCATION)-12
260 ## - PUBLICATION, DISTRIBUTION, ETC. (IMPRINT)
Place of publication, distribution, etc. New Delhi
Name of publisher, distributor, etc. Oswaal
Date of publication, distribution, etc. 2024

No items available.

Powered by Koha